000 02096cam a2200565 a 4500
001 21029
003 VRT
005 20260210154540.0
008 230403s1952 xo 000 1 slo
015 _aSNBA19451955-009760
020 _q(viazané)
035 _aSK01SNKBKSFS20010084785
035 _aurn:nbn:sk:snk-am3icwn
035 _aurn:nbn:sk:snk-am00e3t1
035 _a76BC7950-318A-481E-A2CD-5E396B7E42EE
035 _aSKM000087248
039 9 _a202304032057
_bVLOAD
_c202212050957
_dVLOAD
_c202205120833
_dVLOAD
_c202106231936
_dVLOAD
040 _aSNK
_bslo
_cSNK
_eAACR2
041 1 _aslo
_heng
044 _axo
_cSK
072 7 _a821.111-3
_xAnglická próza, anglicky písaná
_2konspekt
080 _a820-3
_21981
080 _a622
_22011
080 _a821.111(94)-31
_22011
080 _a(0:82-311.3)
_22011
100 1 _aPrichard, Katharine Susannah,
_d1883-1969
_4aut
240 1 0 _aWinged Seeds
_lSlovensky
245 1 0 _aOkrídlené semä
_n[3. diel]
_cKatharine S. Prichardová ; [z anglického originálu preložila Ada Kuzmány-Bruothová]
250 _a1. vydanie
260 _a[Turčiansky Sv. Martin]
_bMatica slovenská
_c1952
300 _a383 strán
_c20 cm
366 _e5500 kusov
500 _aFrontispice ; poznámky pod čiarou ; preložené z angličtiny
500 _aÚdaj o treťom diele prebratý z prebalu knihy
500 _aPravdepodobné miesto vydania podľa vydavateľa
650 0 7 _abaníctvo
_2SNKPH
655 7 _aaustrálske romány
_2SNKPH
655 7 _adobrodružné romány
_2SNKPH
655 7 _aAustralian fiction
_2SNKPHeng
655 7 _aAdventure novels
_2SNKPHeng
700 1 _aBruothová, Adriena,
_d1905-1983
_4trl
700 1 _aKlapper, Osvald,
_d1930-2010
_4bjd
_4ill
910 _asnk
942 _2ddc
_cKLDO
_n0
949 _617A0515101
_asnkSC 4762/3 D1
_bsnkF 6049/62
949 _617A0767824
_asnkSC 4762/3
_bsnk5640/52
_oI.671/52 - ev. č.
_s6100:20190215
949 _6273K0222527
_asvkpoA 56793/III
_bsvkpo131610
949 _6270001000638451
_asvkbbS 37751
_bsvkbbm 39821
999 _c21029
_d21029